Medieval society and the manor court / (Record no. 12955)
[ view plain ]
| 000 -LEADER | |
|---|---|
| fixed length control field | 01489cam a2200397 i 4500 |
| 001 - CONTROL NUMBER | |
| control field | 1632901 |
| 003 - CONTROL NUMBER IDENTIFIER | |
| control field | EG-ScBUE |
| 005 - DATE AND TIME OF LATEST TRANSACTION | |
| control field | 20240401094303.0 |
| 008 - FIXED-LENGTH DATA ELEMENTS--GENERAL INFORMATION | |
| fixed length control field | 960116t1996 enkab f b 001 0 eng d |
| 020 ## - INTERNATIONAL STANDARD BOOK NUMBER | |
| International Standard Book Number | 0198201907 |
| 040 ## - CATALOGING SOURCE | |
| Original cataloging agency | DLC |
| Language of cataloging | eng |
| Description conventions | rda |
| Transcribing agency | DLC |
| Modifying agency | DLC |
| -- | EG-ScBUE |
| 043 ## - GEOGRAPHIC AREA CODE | |
| Geographic area code | e-uk-en |
| -- | e-uk--- |
| 082 04 - DEWEY DECIMAL CLASSIFICATION NUMBER | |
| Classification number | 941 |
| Edition number | 22 |
| Item number | MED |
| 245 00 - TITLE STATEMENT | |
| Title | Medieval society and the manor court / |
| Statement of responsibility, etc | edited by Zvi Razi and Richard Smith. |
| 264 #1 - PUBLICATION, DISTRIBUTION, ETC. (IMPRINT) | |
| Place of publication, distribution, etc | Oxford ; |
| -- | New York : |
| Name of publisher, distributor, etc | Claredon Press, |
| Date of publication, distribution, etc | [1996] |
| 264 #4 - PUBLICATION, DISTRIBUTION, ETC. (IMPRINT) | |
| Date of publication, distribution, etc | c1996 |
| 300 ## - PHYSICAL DESCRIPTION | |
| Extent | xiii, 709 pages : |
| Other physical details | illustrations, maps ; |
| Dimensions | 24 cm |
| 336 ## - CONTENT TYPE | |
| Source | rdacontent |
| Content type term | text |
| Content type code | txt |
| 337 ## - MEDIA TYPE | |
| Media type term | unmediated |
| Source | rdamedia |
| Media type code | n |
| 338 ## - CARRIER TYPE | |
| Carrier type term | volume |
| Carrier type code | nc |
| Source | rdacarrier |
| 504 ## - BIBLIOGRAPHY, ETC. NOTE | |
| Bibliography, etc | Includes bibliographical references and index. |
| 650 #7 - SUBJECT ADDED ENTRY--TOPICAL TERM | |
| Topical term or geographic name as entry element | Community life |
| Geographic subdivision | England |
| General subdivision | History. |
| Source of heading or term | BUEsh |
| 9 (RLIN) | 9517 |
| 650 #7 - SUBJECT ADDED ENTRY--TOPICAL TERM | |
| Topical term or geographic name as entry element | Manorial courts |
| Geographic subdivision | England. |
| Source of heading or term | BUEsh |
| 9 (RLIN) | 9518 |
| 650 #7 - SUBJECT ADDED ENTRY--TOPICAL TERM | |
| Topical term or geographic name as entry element | Peasants |
| Geographic subdivision | England. |
| Source of heading or term | BUEsh |
| 9 (RLIN) | 9519 |
| 650 #7 - SUBJECT ADDED ENTRY--TOPICAL TERM | |
| Topical term or geographic name as entry element | Feudalism |
| Geographic subdivision | England. |
| Source of heading or term | BUEsh |
| 9 (RLIN) | 9520 |
| 650 #7 - SUBJECT ADDED ENTRY--TOPICAL TERM | |
| Topical term or geographic name as entry element | Manors |
| Geographic subdivision | England. |
| Source of heading or term | BUEsh |
| 9 (RLIN) | 9521 |
| 650 #7 - SUBJECT ADDED ENTRY--TOPICAL TERM | |
| Topical term or geographic name as entry element | Law, Medieval. |
| Source of heading or term | BUEsh |
| 9 (RLIN) | 9522 |
| 651 #7 - SUBJECT ADDED ENTRY--GEOGRAPHIC NAME | |
| Geographic name | Great Britain |
| General subdivision | History |
| Chronological subdivision | Medieval period, 1066-1485. |
| Source of heading or term | BUEsh |
| 9 (RLIN) | 9523 |
| 651 #7 - SUBJECT ADDED ENTRY--GEOGRAPHIC NAME | |
| Geographic name | England |
| General subdivision | Social conditions |
| Chronological subdivision | 1066-1485. |
| Source of heading or term | BUEsh |
| 9 (RLIN) | 9524 |
| 655 ## - INDEX TERM--GENRE/FORM | |
| Form subdivision | Reading book |
| 700 1# - ADDED ENTRY--PERSONAL NAME | |
| Personal name | Razi, Zvi, |
| Relator term | editor. |
| 9 (RLIN) | 9525 |
| 700 1# - ADDED ENTRY--PERSONAL NAME | |
| Personal name | Smith, Richard Michael, |
| Dates associated with a name | 1946- |
| Relator term | editor. |
| 9 (RLIN) | 9526 |
| 856 42 - ELECTRONIC LOCATION AND ACCESS | |
| Materials specified | Publisher description |
| Uniform Resource Identifier | <a href="http://www.loc.gov/catdir/enhancements/fy0606/96002644-d.html">http://www.loc.gov/catdir/enhancements/fy0606/96002644-d.html</a> |
| 942 ## - ADDED ENTRY ELEMENTS (KOHA) | |
| Source of classification or shelving scheme | Dewey Decimal Classification |
| Koha item type | Book - Borrowing |
| Withdrawn status | Lost status | Source of classification or shelving scheme | Damaged status | Not for loan | Collection code | Home library | Current library | Shelving location | Date acquired | Source of acquisition | Total Checkouts | Full call number | Barcode | Date last seen | Price effective from | Koha item type | Public note |
|---|---|---|---|---|---|---|---|---|---|---|---|---|---|---|---|---|---|
| Dewey Decimal Classification | Donation-Gift | Central Library | Central Library | Second Floor | 23/11/2009 | Donation | 941 MED | 000018151 | 15/07/2025 | 23/11/2009 | Book - Borrowing | Donated By : Al- Ahram. |